| 000 | 00815nam a2200205 u 4500 | ||
|---|---|---|---|
| 001 | 000267471 | ||
| 003 | AM-YeHGA | ||
| 005 | 20250617125424.0 | ||
| 008 | 031001s1936 ||| r 000 0 rus d | ||
| 040 | _aAM-YeHGA | ||
| 100 | 1 | _aВебер, Макс | |
| 245 | 1 | 0 |
_aПриматы : _bАнатомия, систематика и палеонтология лемуров, долгопятов и обезьян / _cМ. Вебер ; Пер., ред. и доп. М.Ф. Неструх. |
| 260 |
_aМосква; _aЛенинград : _bГос. изд-во биол. и мед. лит, _c1936. |
||
| 300 |
_a365 с. : _bил. |
||
| 504 | _aБиблиогр.: с. 323-354 | ||
| 650 | 1 | 4 | _aБиология |
| 650 | 1 | 4 | _aПриматы |
| 700 | 1 |
_aНеструх, М.Ф. _eпер. _4trl _eред. _4edt |
|
| 090 | _c98704 | ||
| 999 |
_c97398 _d97398 |
||